Phonétique - Insectes - Statistiques

Statistiques générales
  • Ce quiz a été pris 68 fois
  • Le résultat moyen est 15 sur 15
Statistiques - réponses
Phonétique Insecte % Correct
a.bɛj Abeille
100%
si.ɡal Cigale
100%
fʊʁ.mi Fourmi
100%
li.bɛ.lyl Libellule
100%
mus.tik Moustique
100%
so.te.ʁɛl Sauterelle
100%
pa.pi.jɔ̃ Papillon
98%
ska.ʁa.be Scarabée
98%
tik Tique
98%
ka.faʁ Cafard
97%
kɔk.si.nɛl Coccinelle
97%
ɡɛp Guêpe
97%
muʃ Mouche
95%
kʁi.kɛ Criquet
91%
py.nɛz Punaise
86%
Aucun quiz correspondant
Distribution des résultats
% des personnes avec chaque résultat
Percentile par nombre de réponses
Votre historique - résultats
Vous n’avez pas pris ce quiz